| 000 | 00925cam a2200217 4500 | ||
|---|---|---|---|
| 001 | WB3939-03 | ||
| 008 | 031014n2003 000 0 eng u | ||
| 035 | _a(Sirsi) u123917 | ||
| 245 | _aSurvey indicates rise in construction activity | ||
| 260 | _c2003 | ||
| 490 |
_aBuilding _v268(8303) 10 October 2003, 20(1) |
||
| 490 |
_aCIPS News Release _v 2 October 2003 (3) |
||
| 520 | _aA survey by the Chartered Institute of Purchasing and Supply and NTC Research shows that the construction sector has risen to its strongest rate for more than two years. Chartered Institute of Purchasing and Supply, http://www.cips.org/. http://www.cips.org/downloads/News%20and%20events/Monthly%20reports/oct_con.pdf | ||
| 590 | _aWB | ||
| 650 | _aCONSTRUCTION INDUSTRY | ||
| 650 | _aECONOMIC INDICATORS | ||
| 650 | _aCIPS PURCHASING MANAGERS' INDEX | ||
| 650 | _aHOUSE BUILDING MARKET | ||
| 690 | _aBUILT ENVIRONMENT | ||
| 942 | _n0 | ||
| 999 |
_c73589 _d73589 |
||